000 00641cam a2200181 4500
001 WB3704-26
008 000000n2001 000 0 eng u
035 _a(Sirsi) u110565
245 _aYorkshire's top chartered surveyors
260 _c2001
490 _aYorkshire Post
_v 25 January 2001 Loan
520 _aSurvey by the Yorkshire Post on the top chartered surveyors in Yorkshire. Includes articles on the work and role of chartered surveyors in the area and in general.
590 _aWB
650 _aABOUT RICS-RICS MEMBERS
650 _aYORKSHIRE
690 _aMANAGEMENT-BUSINESS MANAGEMENT-PROFESSIONAL PRACTICE
942 _n0
999 _c65907
_d65907